| 000 | 00424nam a2200181Ia 4500 | ||
|---|---|---|---|
| 003 | GCL | ||
| 008 | 140319s9999 xx 000 0 eng d | ||
| 040 |
_aGCL / _cGCL |
||
| 082 | 0 | 4 |
_a320.53 _bL W |
| 100 | 1 | _aLONGMAN | |
| 245 | 1 | 0 |
_aWRITING AND RADICALISM / _cLONGMAN |
| 700 | 1 | _aLUCAS, JOHN | |
| 260 |
_a[S.N] : _bLONGMAN ، _c1996 |
||
| 300 | _a358 P | ||
| 650 | 0 | 4 | _aRADICALISM |
| 650 | 0 | 4 | _aWRITING |
| 942 |
_2ddc _cBK |
||
| 999 |
_c15461 _d15461 |
||